Pokemon Fähigkeiten 7. Generation - Statistiken

Allgemein
  • Dieses Quiz wurde 2 mal gespielt
  • Das Durchschnittsergebnis liegt bei 10 aus 42
Antwortstatistiken
Antwort % Korrekt
Bestien-Boost
100%
Elektro-Erzeuger
100%
Gras-Erzeuger
100%
Nebel-Erzeuger
100%
Psycho-Erzeuger
100%
Buntkörper
50%
Korrosion
50%
Kostümspuk
50%
Magenkrempler
50%
Metallprotektor
50%
Prismarüstung
50%
Receiver
50%
Rückzug
50%
Wasserblase
50%
Alpha-System
0%
Batterie
0%
Beschattung
0%
Chemiekraft
0%
Dauerschlaf
0%
Elektrohaut
0%
Fischschwarm
0%
Flauschigkeit
0%
Freundschaftsakt
0%
Heilwandel
0%
Langstrecke
0%
Limitschild
0%
Lockenkopf
0%
Majestät
0%
Phantomschutz
0%
Plätscherstimme
0%
Quälerei
0%
Reißaus
0%
Scharwandel
0%
Schneescharrer
0%
Seelenherz
0%
Stahlprofi
0%
Surf-Schweif
0%
Tänzer
0%
Verklumpen
0%
Wutausbruch
0%
Zähigkeit
0%
Zerebralmacht
0%
Keine übereinstimmenden Quizze gefunden
Verteilung der Resultate
Anzahl Personen mit jedem Resultat
Perzentil nach korrekt beantworteten Fragen
Ihre Resultats-Entwicklung
Sie haben dieses Quiz noch nicht gespielt